000 00446nam a2200169Ia 4500
008 100917s9999 xx 000 0 und d
082 _b5580
100 _aआपटे ह. ना.
245 _aउमज पडेल तर
260 _b---
365 _b1
520 _aकादंबरी
630 _aउमज पडेल तर
650 _aकादंबरी
730 _aउमज पडेल तर
942 _cBOOK
999 _c610974
_d610971